000 00447cam a22001217a 4500
008 180718b1973 xxu||||| |||| 00| 0 eng d
082 _aA81x54 In2/71/14/Pt10B/B
100 _aCensus of India 1971
245 _aMysore district census handbook, Bangalore: primary census abstract
260 _aBangalore
_bThe Director of Printing, Stationery and Publications
_c1973
300 _a540+p.
440 _aCensus of India 1971. Series-14, Mysore. Part X-B
999 _c485939
_d485939